000 01014nam1a22002291i 4500
001 rc\2835268
005 20240726072835.0
035 _a(NLR Aleph) 006993054
090 _a5645499
_c5645499
100 _a20110627d1932 |||y0rusy50 ca
101 0 _arus
102 _aRU
105 _ay z |||||
200 1 _aРаботы Кафедры социальной гигиены Казанского государственного мединститута
_eВып. 1
210 _aКазань
_cБ. и.
_d1932
225 1 _aСборник работ Казанского государственного медицинского института
300 _aПолное описание см. в каталоге периодических изданий
710 0 2 _aКазанский медицинский институт им. С.В. Курашова
_bКафедра социальной гигиены
801 0 _aRU
_bNLR
_gpsbo
801 1 _aRU
_bELAR
_2rusmarc
852 _aNLR
_j32-17/99
942 _cBOOK